| 000 | 01550nam a22002417a 4500 | ||
|---|---|---|---|
| 005 | 20151026124838.0 | ||
| 008 | 151026s1920 pe ||||fr|||| 00| e spa d | ||
| 040 |
_cSandra Yazo _dSandra Yazo |
||
| 041 | 0 | _aspa | |
| 082 | 0 | 4 |
_220 _a864 |
| 092 | _aE37N151 | ||
| 100 | 1 |
_972801 _aCastro y Oyanguren, Enrique _d1875- |
|
| 245 | 1 | 0 |
_aBoletines del exterior _cE. Castro y Oyanguren |
| 260 |
_aLima (Perú) _bEdición Cervantes _bImprenta del Estado _c1920 |
||
| 300 |
_a328 páginas _c21 x 15 cm. |
||
| 500 | _aDetalles físicos: Encuadernación flexible en cartulina. Tapas sueltas. Tapas delanteras con datos de publicación impresos. Anteportada. Portada impresa en una sola tinta. Dedicatoria. Texto impreso en una sola tinta. Papel con algunas manchas | ||
| 505 | 1 | _aDos palabras ; Asociación de la paz ; Este señor Garland ; El 20 de septiembre ; La cuestión de Venezuela ; En la tumba de Monroe ; Necrofilia ; Colombia mutilada ; Chile en Colombia ; Mirada lejos ; Alrededor de un reportaje ; Patriotismo pero prudencia ; Maura y Cornejo ; El Perú en el Ecuador ; Un triunfo ; El arbitraje de La Haya ; El arbitraje asegurado ; ¡Ave, Rossevelt! ; El nuevo Monroe ; Entre el Perú y Chile ; Con don Javier Vial Solar ; El orden en la Argentina ; Un Publicista distinguido ; Crónica internacional ; Congreso de Rio de Janeiro | |
| 506 | _aConsulta en sala | ||
| 650 | 7 |
_914579 _aEnsayos peruanos |
|
| 650 | 7 |
_918723 _aLiteratura peruana |
|
| 690 |
_942866 _aLiteratura latinoamericana |
||
| 942 |
_2LOCAL _cLIBRO _e1 _hE37N151 |
||
| 999 |
_c301958 _d301958 |
||